01236nam a2200265 a 450000100100000000500170001000800410002702000180006804000250008608200260011110000360013724500970017325000120027026000670028230000210034950000720037059000260044265000290046865000310049791000370052895201350056595201240070095201290082499900170095300003918820240412074300.0130607s2012 pr 000 j spa d a9780982071502 aDO-SdBNPbspacBNPHU aRD863.44bG216s, 20121 aGarcía Cuevas, Eugenio91081310aSujetos y predicados :bel hijo de la mujer y diez cuentos más /cEugenio García Cuevas. a2a. ed. aPuerto Rico :bEdiciones ArtrópodosbÚltimo Arcano,c2012. a106 p. ;c22 cm. aIncluye datos biográficos del autor en las solapas de la cubierta aInventariado, 2020/BT 0aCuentos dominicanos9176 0aLiteratura dominicana.967 aValidado. Control de calidad MFF 001054708MOaGRbGRcHDd2013-06-07iLF1l0oRD863.44 G216s, 2012p39188-30r2020-06-25te.3w2020-06-25y4ZPréstamo en sala 001050718MOaPDbPDcHDd2013-06-07iLF1l0oRD863.44 G216s, 2012p39188-10r2020-06-25w2020-06-25y1ZNo se presta 001050718MOaPDbPDcHDd2013-06-07iLF1l0oRD863.44 G216s, 2012p39188-20r2020-06-25te.2w2020-06-25y1ZNo se presta c38678d38678